| 000 | 00822cam a2200217 i 4500 | ||
|---|---|---|---|
| 005 | 20251108175510.0 | ||
| 008 | 250721s1994 le gr 000 0 ara d | ||
| 082 | 1 | 4 |
_a154.6 _bك م ا |
| 100 | 1 |
_aكمال، علي _eمؤلف. |
|
| 245 | 1 | 0 |
_aباب النوم و التنويم / _cالدكتور علي كمال. |
| 250 | _aالطبعة الثالة منقحة وموسعة. | ||
| 264 | 1 |
_aبيروت : _bالمؤسسة العربية للدراسات والنشر، _c1994. |
|
| 300 | _a290 صفحة. | ||
| 490 | 0 | _a سلسلة أبواب العقل الموصدة. | |
| 650 | 1 | 7 | _aالنوم. |
| 650 | 1 | 7 | _aفسيولوجيا الأعصاب. |
| 650 | 1 | 7 | _aالفسيولوجيا. |
| 830 | 0 | _a سلسلة أبواب العقل الموصدة. | |
| 942 |
_2ddc _cBK |
||
| 999 |
_c135560 _d135560 |
||